000 00359nam a2200157Ia 4500
003 Ost
005 20260225132538.0
008 260225s9999||||xx |||||||||||||| ||und||
040 _cfsic
041 _afre
082 _a302.201
100 _aLucien braun
_eAuteur
245 0 _aPhilosophie de la communication /
245 0 _cLucien braun
942 _cكتاب
999 _c33327
_d33327